Foods: Facts and principles (Record no. 395622)

MARC details
000 -LEADER
fixed length control field 00535 a2200205 4500
005 - DATE & TIME
control field 20260401120235.0
008 - FIXED-LENGTH DATA ELEMENTS--GENERAL INFORMATION
fixed length control field 260324b |||||||| |||| 00| 0 eng d
020 ## - ISBN
International Standard Book Number 9789360748470
Price Rs. 650.00
040 ## - CATALOGING SOURCE
Original cataloging agency VIVEKANANDA LIBRARY
082 ## - DDC NUMBER
Classification number 664
Book Number M312F(6)
100 ## - MAIN ENTRY--PERSONAL NAME
Personal name Manay, N Shakuntala
245 ## - TITLE STATEMENT
Title Foods: Facts and principles
250 ## - EDITION STATEMENT
Edition statement 6th
260 ## - PUBLICATION, DISTRIBUTION, ETC. (IMPRINT)
Name of publisher, distributor, etc New Age International
Date of publication, distribution, etc 2026
Place of publication, distribution, etc New Delhi
300 ## - PHYSICAL DESCRIPTION
Pages xxxi, 547
650 ## - Subject
Subject Hotel Management
650 ## - Subject
Subject Food tehchnology
700 ## - Added Entry Personal Name
Added Entry Personal Name Shadaksharaswamy, M
942 ## - ADDED ENTRY ELEMENTS (KOHA)
Koha item type Books
Holdings
Withdrawn status Lost status Source of classification or shelving scheme Damaged status Not for loan Location (home branch) Sublocation or collection (holding branch) Shelving location Date acquired Koha issues (times borrowed) Koha full call number Accession No. Koha date last seen Koha item type
    Dewey Decimal Classification     VIVEKANANDA LIBRARY VIVEKANANDA LIBRARY IHTM Library 06/02/2026   664 M312F(6) 425250 06/02/2026 Books
© Designed and Maintained by Vivekananda Library, MDU Rohtak